| Tag |
First Indicator |
Second Indicator |
Subfields |
| LEADER |
00000cam a2200000 4500 |
| 001 |
in00000022361 |
| 005 |
20151007063948.0 |
| 008 |
751208s1927 vau b 00011 spa |
| 010 |
|
|
|a 27003751
|
| 035 |
|
|
|a (OCoLC)01879828
|
| 035 |
|
|
|9 AAD8713AM
|
| 040 |
|
|
|a DLC
|c FUG
|d OCL
|d TXA
|d UtOrBLW
|
| 049 |
|
|
|a TXAM
|c [50230]
|
| 050 |
|
0 |
|a PQ6407
|b .A1 1927
|
| 092 |
|
|
|a 863
|b L431v
|
| 130 |
0 |
|
|a Lazarillo de Tormes.
|
| 245 |
1 |
3 |
|a La vida de Lazarillo de Tormes :
|b y de sus fortunas y adversidades /
|c modernized and edited with introduction, notes, vocabulary, and direct-method exercises, by H. Chonon Berkowitz, PH.D. and Samuel A. Wofsy.
|
| 264 |
|
1 |
|a Richmond, Va. :
|b Johnson publishing company,
|c [1927]
|
| 264 |
|
4 |
|c [©1927]
|
| 300 |
|
|
|a xxiv pages 1 ., 166 pages including frontispiece ;
|c 20 cm.
|
| 336 |
|
|
|a text
|b txt
|2 rdacontent
|
| 337 |
|
|
|a unmediated
|b n
|2 rdamedia
|
| 338 |
|
|
|a volume
|b nc
|2 rdacarrier
|
| 490 |
0 |
|
|a American-Spanish series, general editor C.M. Montgomery
|
| 504 |
|
|
|a Bibliography: page 125.
|
| 700 |
1 |
|
|a Berkowitz, Hyman Chonon.
|
| 700 |
1 |
|
|a Wofsy, Samuel A.
|q (Samuel Abraham)
|
| 999 |
|
|
|a MARS
|
| 999 |
f |
f |
|s 553bd7b2-6c02-372d-b8c1-abafee476ed0
|i 17efce89-673a-3102-971f-29de37d9fd2d
|t 0
|
| 952 |
f |
f |
|p normal
|a Texas A&M University
|b College Station
|c Sterling C. Evans Library
|d Evans: Library Stacks
|t 0
|e PQ6407 .A1 1927
|h Library of Congress classification
|i unmediated -- volume
|m A14801384640
|
| 998 |
f |
f |
|a PQ6407 .A1 1927
|t 0
|l Evans: Library Stacks
|